Smart and sustainable built environment

Bibliographic Details
Format: Electronic Journal
Language:English
Published: Bingley, England : Emerald Group Publishing, 2012-
Subjects:
Online Access:Full text available from Research Library: 01/01/2012 to 1 year ago

MARC

LEADER 00000nas a2200000 i 4500
001 ssj0001077934
003 WaSeSS
005 20200512172242.0
006 m d
007 cr n
008 140108c20129999enkt| p|s|||||| |0eng d
022 |a 2046-6102  |l 2046-6099 
035 |a (WaSeSS)ssj0001077934 
040 |a WaSeSS  |b eng  |c WaSeSS  |d WaSeSS 
050 1 4 |a HC79.E5 
222 0 |a Smart and sustainable built environment  |b (Online) 
245 0 0 |a Smart and sustainable built environment  |h [electronic resource]. 
260 |a Bingley, England :  |b Emerald Group Publishing,  |c 2012- 
310 |a Three times a year 
362 1 |a Began with Volume 1, Number 1 (2012). 
506 |a License restrictions may limit access. 
588 |a Description based on: Volume 1, Number 1 (2012); title from article pdf (ProQuest, viewed Jan. 8, 2014). 
588 |a Latest issue consulted: Volume 2 (3) (2013) (viewed Jan. 8, 2014). 
650 0 |a Sustainable development  |v Periodicals. 
655 0 |a Electronic journals. 
776 0 8 |i Print version:  |t Smart and sustainable built environment  |x 2046-6099 
856 4 0 |z Full text available from Research Library: 01/01/2012 to 1 year ago  |u https://search.proquest.com/publication/1396345